[Event "Mazowiec-chT 1617"]
[Site "Warsaw"]
[Date "2017.01.29"]
[Round "7.7"]
[White "Chomczyk, Marek"]
[Black "Grzelak, Artur"]
[Result "1-0"]
[WhiteElo "2139"]
[BlackElo "2176"]
[PlyCount "93"]
[EventDate "2016.12.11"]
[EventType "team-tourn"]
[EventRounds "10"]
[EventCountry "POL"]
[SourceTitle "EXT 2019"]
[Source "ChessBase"]
[SourceDate "2018.10.10"]
[SourceVersion "1"]
[SourceVersionDate "2018.10.10"]
[SourceQuality "1"]

1. e4 g6 2. d4 Bg7 3. Nf3 d6 4. Nc3 a6 5. a4 Nc6 6. Be3 e5 7. Bc4 exd4 8. Nxd4 Nf6 9. 0-0 0-0 10. f3 Nxd4 11. Bxd4 Be6 12. Bxe6 fxe6 13. e5 Nh5 14. exd6 cxd6 15. Bxg7 Nxg7 16. Qd4 d5 17. Rfe1 Rc8 18. Rad1 Qc7 19. Rd2 Rf4 20. Qe3 Rb4 21. Rxd5 Rxb2 22. Rd3 Rxc2 23. Ne4 Qe5 24. Red1 Rf8 25. Rd8 Rc8 26. R8d7 Rc7 27. Nf6+ Qxf6 28. Rxc7 Nf5 29. Qc3 Qxc3 30. Rxc3 Rf7 31. Rcd3 Ne7 32. Re1 Nd5 33. Rxe6 Nf4 34. Rd8+ Kg7 35. Red6 b5 36. a5 Rf5 37. Rxa6 Rc5 38. Rd2 b4 39. Rb6 Rxa5 40. Rxb4 Nh5 41. Kf2 Ra7 42. Rdb2 Kh6 43. g4 Nf6 44. h4 g5 45. Rb6 Rf7 46. hxg5+ Kxg5 47. R2b5+ 1-0

[Event "Mazowiec-chT 1617"]
[Site "Warsaw"]
[Date "2017.01.15"]
[Round "5.2"]
[White "Grzelak, Artur"]
[Black "Czapla, Andrzej"]
[Result "1-0"]
[WhiteElo "2176"]
[BlackElo "1941"]
[PlyCount "97"]
[EventDate "2016.12.11"]
[EventType "team-tourn"]
[EventRounds "10"]
[EventCountry "POL"]
[SourceTitle "EXT 2019"]
[Source "ChessBase"]
[SourceDate "2018.10.10"]
[SourceVersion "1"]
[SourceVersionDate "2018.10.10"]
[SourceQuality "1"]

1. d4 d5 2. Nf3 Nf6 3. Bf4 c6 4. e3 Bf5 5. Be2 e6 6. Nbd2 Nbd7 7. h3 h6 8. 0-0 Be7 9. c4 0-0 10. c5 Ne4 11. Nxe4 Bxe4 12. Nd2 Bh7 13. b4 f6 14. a4 e5 15. Bg3 Re8 16. Nb3 Bf8 17. Ra2 Kh8 18. Qd2 Qc8 19. Rc1 Qd8 20. Na5 Qc8 21. b5 Be7 22. Rb2 Bd8 23. bxc6 bxc6 24. Nb7 Bc7 25. Nd6 Bxd6 26. cxd6 Re6 27. dxe5 fxe5 28. Bg4 Rg6 29. Qb4 h5 30. Bxh5 Rb8 31. Qa3 Rxb2 32. Bxg6 Rb6 33. Bxh7 Kxh7 34. Qd3+ Kh8 35. Qxd5 Rb1 36. Qd1 Rxc1 37. Qxc1 c5 38. Qc4 Qc6 39. Qh4+ Kg8 40. Qd8+ Kh7 41. Qe7 c4 42. Bxe5 Nxe5 43. Qxe5 c3 44. Qf5+ Kh6 45. d7 c2 46. d8Q c1Q+ 47. Kh2 Qc7+ 48. Qxc7 Qxc7+ 49. Qf4+ 1-0

[Event "POL-chT 2nd League"]
[Site "Jastrzebia Gora"]
[Date "2016.09.08"]
[Round "6.34"]
[White "Olesiak, Marcin"]
[Black "Grzelak, Artur"]
[Result "0-1"]
[WhiteElo "1997"]
[BlackElo "2141"]
[PlyCount "56"]
[EventDate "2016.09.03"]
[EventType "team-swiss"]
[EventRounds "9"]
[EventCountry "POL"]
[SourceTitle "EXT 2017"]
[Source "ChessBase"]
[SourceDate "2016.10.25"]
[SourceVersion "1"]
[SourceVersionDate "2016.10.25"]
[SourceQuality "1"]
[WhiteTeam "Nowy Sacz Sandecja"]
[BlackTeam "Gostynin Gostmat 83"]
[WhiteTeamCountry "POL"]
[BlackTeamCountry "POL"]

1. d4 Nf6 2. c4 c5 3. d5 e5 4. Nc3 d6 5. e4 Be7 6. Be2 0-0 7. Nf3 Nbd7 8. 0-0 Ne8 9. Ne1 g6 10. Nd3 Bg5 11. Kh1 Ng7 12. f4 exf4 13. Bxf4 Bxf4 14. Rxf4 f5 15. exf5 Nxf5 16. Bg4 Nf6 17. Bxf5 Bxf5 18. Rf1 Ng4 19. Qe2 Qh4 20. g3 Qh6 21. Nf4 Rae8 22. Ne6 Qh3 23. Rf4 Rf6 24. Raf1 Bxe6 25. dxe6 Rexe6 26. Qg2 Qxg2+ 27. Kxg2 Ne3+ 28. Kh1 Ng4 0-1

[Event "POL-chT 2nd League"]
[Site "Jastrzebia Gora"]
[Date "2016.09.06"]
[Round "4.28"]
[White "Kokoszczynski, Jan"]
[Black "Grzelak, Artur"]
[Result "1/2-1/2"]
[WhiteElo "1962"]
[BlackElo "2141"]
[PlyCount "76"]
[EventDate "2016.09.03"]
[EventType "team-swiss"]
[EventRounds "9"]
[EventCountry "POL"]
[SourceTitle "EXT 2017"]
[Source "ChessBase"]
[SourceDate "2016.10.25"]
[SourceVersion "1"]
[SourceVersionDate "2016.10.25"]
[SourceQuality "1"]
[WhiteTeam "Chylice KS Laura"]
[BlackTeam "Gostynin Gostmat 83"]
[WhiteTeamCountry "POL"]
[BlackTeamCountry "POL"]

1. e4 d5 2. exd5 Qxd5 3. Nc3 Qd8 4. d4 g6 5. Nf3 Bg7 6. Bc4 Nh6 7. Bf4 Nf5 8. Be5 0-0 9. Bxg7 Kxg7 10. Qd2 a6 11. 0-0-0 Nd7 12. h4 h5 13. Ng5 Nf6 14. f3 Nd6 15. Be2 c6 16. g4 Qa5 17. Rdg1 Rh8 18. Qf4 Nd5 19. Nxd5 Qxd5 20. Qe5+ Qxe5 21. dxe5 Ne8 22. gxh5 Rxh5 23. f4 Rh6 24. h5 Bf5 25. hxg6 Rxh1 26. Rxh1 Bxg6 27. Bd3 Bxd3 28. cxd3 Kg6 29. Kd2 f6 30. Ne4 fxe5 31. fxe5 Nc7 32. Rf1 Rh8 33. Rf2 Ne6 34. Kc3 Rh5 35. Rg2+ Kf7 36. d4 Rh3+ 37. Rg3 Rh4 38. Ng5+ Nxg5 1/2-1/2

[Event "Warsaw Najdorf Memorial op-B 13th"]
[Site "Warsaw"]
[Date "2015.07.17"]
[Round "8"]
[White "Szymczak, Rafal"]
[Black "Grzelak, Artur"]
[Result "1/2-1/2"]
[WhiteElo "2059"]
[BlackElo "2135"]
[PlyCount "21"]
[EventDate "2015.07.10"]
[EventType "swiss"]
[EventRounds "9"]
[EventCountry "POL"]
[SourceTitle "CBM 167 Extra"]
[Source "ChessBase"]
[SourceDate "2015.09.14"]
[SourceVersion "1"]
[SourceVersionDate "2015.09.14"]
[SourceQuality "1"]

1. f4 d5 2. Nf3 c5 3. e3 g6 4. d4 Bg7 5. c3 Nf6 6. Bd3 b6 7. 0-0 0-0 8. Qe2 Nbd7 9. Nbd2 Bb7 10. Ne5 Ne4 11. a4 1/2-1/2

[Event "Warsaw Najdorf Memorial op-B 13th"]
[Site "Warsaw"]
[Date "2015.07.10"]
[Round "1"]
[White "Grzelak, Artur"]
[Black "Przezdziecki, Marek"]
[Result "1-0"]
[WhiteElo "2135"]
[BlackElo "1775"]
[PlyCount "45"]
[EventDate "2015.07.10"]
[EventType "swiss"]
[EventRounds "9"]
[EventCountry "POL"]
[SourceTitle "CBM 167 Extra"]
[Source "ChessBase"]
[SourceDate "2015.09.14"]
[SourceVersion "1"]
[SourceVersionDate "2015.09.14"]
[SourceQuality "1"]

1. d4 Nf6 2. Nf3 g6 3. Bf4 Bg7 4. e3 0-0 5. Be2 d6 6. c4 c5 7. Nc3 Nc6 8. d5 Na5 9. h3 Qb6 10. Qc1 Qb4 11. Nd2 Nd7 12. Rb1 Qb6 13. 0-0 Ne5 14. Qc2 Bd7 15. a3 Rac8 16. Bxe5 Bxe5 17. b4 cxb4 18. axb4 Nxc4 19. Nxc4 Rxc4 20. Bxc4 Rc8 21. Ne4 Bb5 22. Nd2 Qc7 23. Rfc1 1-0

[Event "Warsaw MG-ch 2nd"]
[Site "Warsaw"]
[Date "2012.03.26"]
[Round "10"]
[White "Jarmolowski, Tadeusz"]
[Black "Grzelak, Artur"]
[Result "0-1"]
[WhiteElo "1732"]
[BlackElo "2226"]
[PlyCount "72"]
[EventDate "2012.01.02"]
[EventType "swiss"]
[EventRounds "11"]
[EventCountry "POL"]
[SourceTitle "EXT 2014"]
[Source "ChessBase"]
[SourceDate "2013.11.20"]
[SourceVersion "1"]
[SourceVersionDate "2013.11.20"]
[SourceQuality "1"]

1. e4 g6 2. d4 Bg7 3. f4 c5 4. Nf3 cxd4 5. Nxd4 d6 6. Bb5+ Bd7 7. Bxd7+ Nxd7 8. c3 Ngf6 9. Qe2 Qb8 10. 0-0 0-0 11. Re1 e5 12. Nf3 Re8 13. f5 Qc7 14. Na3 d5 15. exd5 Nxd5 16. fxg6 hxg6 17. Nc2 Rad8 18. Kh1 a6 19. Bg5 f6 20. Bd2 Nc5 21. Rad1 e4 22. Nfd4 Nd3 23. Rf1 Nxb2 24. Rb1 Nd3 25. Qg4 Qf7 26. h4 e3 27. Be1 f5 28. Nxf5 gxf5 29. Rxf5 Nf6 30. Qf3 Nxe1 31. Rxe1 Qc4 32. Rxe3 Qxh4+ 33. Kg1 Rxe3 34. Nxe3 Re8 35. Rf4 Qe1+ 36. Nf1 Qe7 0-1

[Event "Mazowiec-chT op 1112"]
[Site "Poland"]
[Date "2012.01.29"]
[Round "3.30"]
[White "Krasiewicz, Robert"]
[Black "Grzelak, Artur"]
[Result "0-1"]
[WhiteElo "2042"]
[BlackElo "2226"]
[PlyCount "96"]
[EventDate "2012.01.08"]
[EventType "team-swiss"]
[EventRounds "10"]
[EventCountry "POL"]
[SourceTitle "EXT 2019"]
[Source "ChessBase"]
[SourceDate "2018.10.10"]
[SourceVersion "1"]
[SourceVersionDate "2018.10.10"]
[SourceQuality "1"]

1. d4 Nf6 2. c4 c5 3. Nf3 g6 4. g3 Bg7 5. Bg2 0-0 6. 0-0 cxd4 7. Nxd4 Nc6 8. Nc3 Qb6 9. Nc2 d6 10. b3 Qa5 11. Bb2 Qh5 12. e4 Bg4 13. f3 Be6 14. Qe2 Nd7 15. Ne3 Rfe8 16. Rad1 Rac8 17. Ncd5 Bxb2 18. Qxb2 Qe5 19. Qd2 Qg7 20. f4 f6 21. b4 b6 22. a3 Qh6 23. g4 Bf7 24. Qf2 Qg7 25. h4 Nd8 26. g5 Bxd5 27. Rxd5 Nf7 28. Bh3 e6 29. Rd2 Rc7 30. Rfd1 h6 31. gxh6 Qxh6 32. Rxd6 Nxd6 33. Rxd6 Nf8 34. Ng4 Qg7 35. e5 Nh7 36. Qd4 Rf7 37. exf6 Nxf6 38. Ne5 Rfe7 39. Kh1 Qh6 40. Nc6 Qxh4 41. Nxe7+ Rxe7 42. Kg2 Nh5 43. Rd8+ Kf7 44. Rh8 Qg3+ 45. Kf1 Qxh3+ 46. Ke1 Qg3+ 47. Kd1 Nf6 48. Qd8 Rd7+ 0-1

[Event "Warsaw MG-ch 2nd"]
[Site "Warsaw"]
[Date "2012.01.09"]
[Round "2"]
[White "Grabowicz, Marcin"]
[Black "Grzelak, Artur"]
[Result "1/2-1/2"]
[WhiteElo "1781"]
[BlackElo "2226"]
[PlyCount "46"]
[EventDate "2012.01.02"]
[EventType "swiss"]
[EventRounds "11"]
[EventCountry "POL"]
[SourceTitle "EXT 2014"]
[Source "ChessBase"]
[SourceDate "2013.11.20"]
[SourceVersion "1"]
[SourceVersionDate "2013.11.20"]
[SourceQuality "1"]

1. e4 g6 2. d4 Bg7 3. c3 d6 4. f4 Nf6 5. Bd3 0-0 6. Nf3 c5 7. 0-0 cxd4 8. cxd4 Nc6 9. Nc3 a6 10. d5 Na5 11. h3 Bd7 12. Be3 Rc8 13. Qe2 e6 14. f5 exf5 15. exf5 Re8 16. fxg6 hxg6 17. Qf2 Nc4 18. Bxc4 Rxc4 19. Bg5 Qc8 20. Nd2 Rxc3 21. bxc3 Qc5 22. Nc4 Qc8 23. Nd2 Bf5 1/2-1/2

[Event "Warsaw op 05"]
[Site "Warsaw"]
[Date "2009.06.07"]
[Round "8"]
[White "Grzelak, Artur"]
[Black "Kozera, Aleksandra"]
[Result "1-0"]
[WhiteElo "2242"]
[BlackElo "1788"]
[PlyCount "43"]
[EventDate "2009.05.30"]
[EventType "swiss"]
[EventRounds "9"]
[EventCountry "POL"]
[SourceTitle "EXT 2012"]
[Source "ChessBase"]
[SourceDate "2011.11.24"]
[SourceVersion "1"]
[SourceVersionDate "2011.11.24"]
[SourceQuality "1"]

1. d4 Nf6 2. Nf3 e6 3. Bf4 c5 4. c3 Nc6 5. e3 b6 6. Bd3 Bb7 7. Nbd2 Be7 8. h3 0-0 9. 0-0 d5 10. Qe2 c4 11. Bc2 b5 12. e4 dxe4 13. Nxe4 Nd5 14. Bg3 Rc8 15. Rfe1 Na5 16. a3 Qb6 17. Ne5 Rfd8 18. Nc5 Bxc5 19. Bxh7+ Kf8 20. Qh5 Rc7 21. dxc5 Qxc5 22. Bg6 1-0

[Event "Warsaw op 05"]
[Site "Warsaw"]
[Date "2009.05.30"]
[Round "1"]
[White "Ogonowski, Jakub"]
[Black "Grzelak, Artur"]
[Result "0-1"]
[WhiteElo "1556"]
[BlackElo "2242"]
[PlyCount "76"]
[EventDate "2009.05.30"]
[EventType "swiss"]
[EventRounds "9"]
[EventCountry "POL"]
[SourceTitle "EXT 2012"]
[Source "ChessBase"]
[SourceDate "2011.11.24"]
[SourceVersion "1"]
[SourceVersionDate "2011.11.24"]
[SourceQuality "1"]

1. e4 g6 2. d4 Bg7 3. Bc4 d6 4. Bf4 Nc6 5. Nf3 Nf6 6. Nbd2 0-0 7. 0-0 Bg4 8. c3 e5 9. Be3 Nxe4 10. Nxe4 d5 11. Be2 dxe4 12. Nxe5 Bxe2 13. Qxe2 Nxe5 14. dxe5 Bxe5 15. Rad1 Qe7 16. Bd4 Rad8 17. Qe3 b6 18. Rfe1 Rfe8 19. g3 f5 20. Rd2 Rd6 21. Red1 Red8 22. Kf1 Qd7 23. Ke1 Bg7 24. Bxg7 Rxd2 25. Qxd2 Qxd2+ 26. Rxd2 Rxd2 27. Kxd2 Kxg7 28. Ke3 c5 29. b4 Kf6 30. b5 Ke5 31. c4 g5 32. f4+ exf3 33. h3 g4 34. h4 h6 35. a4 h5 36. a5 bxa5 37. b6 axb6 38. Kd3 f4 0-1